All 2023 Disney Films - Statistics

General Stats
  • This quiz has been taken 47 times
  • The average score is 7 of 32
Answer Stats
Disney Movie % Correct
Wish
80%
Elemental
63%
The Little Mermaid
59%
Ant-Man and the Wasp: Quantumania
46%
Guardians of the Galaxy Vol. 3
46%
The Marvels
39%
Haunted Mansion
37%
Peter Pan and Wendy
34%
Indiana Jones and the Dial of Destiny
27%
Chang Can Dunk
17%
Crater
17%
Flamin' Hot
17%
Dashing Through the Snow
15%
Diary of A Wimpy Kid Christmas: Cabin Fever
15%
Quasi
15%
Rye Lane
15%
The Boogeyman
15%
The Creator
15%
White Men Can't Jump
15%
World's Best
15%
A Haunting in Venice
12%
All of Us Strangers
12%
Boston Strangler
12%
Chevalier
12%
Next Goal Wins
12%
No One Will Save You
12%
Poor Things
12%
Quiz Lady
12%
Theater Camp
12%
Vacation Friends 2
12%
Fervo
2%
Young Woman and the Sea
2%
No matching quizzes found
Score Distribution
Percent of People with Each Score
Percentile by Number Answered
Your Score History
You have not taken this quiz